Výskyt mincí v rímskych stavebných objektoch na Slovensku

Bibliographic Details
Main Author: Rajtár, Ján, 1954- (Author)
Format: Article
Language:Slovak
PhysicalDescription:Obr. 4. Tab. 6. Res. rus., nem., lit. 39 zázn. v slov., češ., poľ., maď.
Subjects:

MARC

LEADER 00000nab a2200000 a 4500
001 vtls000254104
003 SK-MaSNL
005 20260426072400.0
008 160204c1986 xo 0 slo
015 |a SNBRA19rr/mm-uuuuu 
035 |a CL0264218 
040 |a SNKBUCL  |b slo  |c SNKBUCL  |e AACR2 
041 0 |a slo 
044 |a xo  |c SK 
080 |a 737.1(437.6"00/04"  |2 1981 
080 |a 943.76  |2 1981 
080 |a 902  |2 1981 
100 1 |a Rajtár, Ján,  |d 1954-  |4 aut  |9 238663 
245 1 0 |a Výskyt mincí v rímskych stavebných objektoch na Slovensku  |c Ján Rajtár 
300 |b Obr. 4. Tab. 6. Res. rus., nem., lit. 39 zázn. v slov., češ., poľ., maď. 
650 0 7 |a stavby rímské  |2 snkbucl  |9 1328673 
650 0 7 |a rímske mince  |2 snkbucl  |9 3058 
650 0 7 |a doba rímska  |2 snkbucl  |9 85771 
650 0 7 |a archeologické nálezy  |2 snkbucl  |9 4975 
651 7 |a Slovensko  |2 snkbucl  |9 14231 
655 7 |a články zo zborníkov  |2 snkbucl  |9 166140 
773 0 |t Slovenská numizmatika 9  |d Bratislava : Veda, 1986  |g S. 99-121 
850 |a Slovenská národná knižnica v Martine  |a MTA001 
852 |a SNK  |b KIS3GCP 
958 |a NB 
958 |a RK 
992 |a RZB 
999 |c 2688049  |d 2689979